Subdivisions of USA, Canada & Mexico in alphabetical order - Statistics

General Stats
  • This quiz has been taken 137 times
    129 since last reset
  • The average score is 44 of 101
Answer Stats
Answer % Correct
Alabama
94%
Alaska
91%
Alberta
85%
Aguascalientes
79%
Arkansas
61%
California
61%
Arizona
58%
Baja California
58%
British Columbia
55%
Chihuahua
55%
Baja California Sur
52%
Georgia
52%
New Jersey
52%
New Mexico
52%
North Carolina
52%
North Dakota
52%
Vermont
52%
Washington
52%
Wisconsin
52%
Yukon
52%
Chiapas
48%
Colorado
48%
Delaware
48%
Florida
48%
Michigan
48%
Minnesota
48%
New Hampshire
48%
New York
48%
Virginia
48%
West Virginia
48%
Wyoming
48%
Campeche
45%
Coahuila
45%
Connecticut
45%
Durango
45%
Idaho
45%
Illinois
45%
Indiana
45%
Iowa
45%
Kansas
45%
Kentucky
45%
Louisiana
45%
Maine
45%
Massachusetts
45%
Mississippi
45%
Missouri
45%
Ohio
45%
Tennessee
45%
Texas
45%
Yucatán
45%
Zacatecas
45%
Hawaii
42%
Manitoba
42%
Maryland
42%
México
42%
Montana
42%
Nebraska
42%
New Brunswick
42%
Newfoundland and Labrador
42%
Nova Scotia
42%
Oklahoma
42%
Ontario
42%
Oregon
42%
Pennsylvania
42%
Québec
42%
Rhode Island
42%
South Carolina
42%
South Dakota
42%
Utah
42%
Colima
39%
Nevada
39%
Northwest Territories
39%
Nunavut
39%
Prince Edward Island
39%
Saskatchewan
39%
Sonora
39%
Guanajuato
33%
Hidalgo
33%
Jalisco
33%
Nayarit
33%
Oaxaca
33%
Puebla
33%
Quintana Roo
33%
Veracruz
33%
Guerrero
30%
Michoacán
30%
Nuevo León
30%
Tamaulipas
30%
American Samoa
27%
Querétaro
27%
San Luis Potosí
27%
Sinaloa
27%
Tlaxcala
27%
District of Columbia
24%
Morelos
24%
Guam
21%
Tabasco
21%
Northern Mariana Islands
18%
Ciudad de México
15%
Puerto Rico
15%
United States Virgin Islands
15%
No matching quizzes found
Score Distribution
Percent of People with Each Score
Percentile by Number Answered
Your Score History
You have not taken this quiz since the last reset